| 000 | 01082nam a22002295i 4500 | ||
|---|---|---|---|
| 001 | 164503 | ||
| 003 | ES-MaACL | ||
| 005 | 20251017063109.0 | ||
| 008 | 011015s1858 sp |||| | spa d | ||
| 080 | _a929 Romero de Terreros, Pedro | ||
| 100 | 1 |
_aSan Bartolomé de Jala, Juan Romero de Terreros, _cConde de _9132367 |
|
| 245 | 1 | 0 |
_aApuntes biográficos del Sr. D. Pedro Romero de Terreros, primer conde de Regla, caballero profeso en la Orden Militar de Calatrava / _c[por Juan Romero de Terreros y Villamil y de Regla, conde de Jala y de Regla]. |
| 250 | _aReimpreso. | ||
| 260 |
_aMadrid : _b[s.n.], _c1858 ( _fJ.M. Ducazcal) |
||
| 300 |
_a58 p. ; _c25 cm. |
||
| 530 | _aDisponible en formato digital. | ||
| 594 | _aEl autor consta en prelimares | ||
| 600 | 0 | 4 |
_aRomero de Terreros, Pedro, _cConde de Regla _999380 |
| 852 | 4 |
_aES-MaACL _jT-68-F-7 _z- Enc. hol., falto de cub. original _z- Enc. en un vol. facticio |
|
| 856 | 4 |
_uhttp://uvadoc.uva.es/handle/10324/35229 _zRepositorio Documental de la Universidad de Valladolid |
|
| 999 |
_c164503 _d164503 |
||